The Characters of Fire Emblem: The Blazing Blade by Picture - Statistics

General Stats
  • This quiz has been taken 19 times
  • The average score is 39 of 44
Answer Stats
Picture Answer % Correct
Eliwood
100%
Lyndis
100%
Matthew
100%
Athos
94%
Bartre
94%
Dart
94%
Dorcas
94%
Erk
94%
Farina
94%
Florina
94%
Guy
94%
Harken
94%
Hawkeye
94%
Hector
94%
Isadora
94%
Lucius
94%
Marcus
94%
Nino
94%
Priscilla
94%
Rebecca
94%
Canas
88%
Fiora
88%
Karel
88%
Karla
88%
Kent
88%
Lowen
88%
Nils
88%
Ninian
88%
Pent
88%
Rath
88%
Raven
88%
Renault
88%
Sain
88%
Serra
88%
Wallace
88%
Wil
88%
Heath
82%
Jaffar
82%
Louise
82%
Merlinus
82%
Oswin
82%
Vaida
82%
Legault
76%
Geitz
59%
No matching quizzes found
Score Distribution
Percent of People with Each Score
Percentile by Number Answered
Your Score History
You have not taken this quiz